| 000 | 00930nam a2200325Ia 4500 | ||
|---|---|---|---|
| 001 | Z_6685 | ||
| 003 | CHAP | ||
| 008 | 220113s1999 xx 000 0 und d | ||
| 010 | _a169959 | ||
| 020 | _a84-8338-111-7 | ||
| 040 | _cCHAP | ||
| 082 | _a591.51 O27 | ||
| 245 |
_aObservación en etología (animal - humana) : aplicaciones / _ccoordinador M. Teresa Anguera Argilaga |
||
| 260 |
_aEspaña : _bEdiciones Universitate de Barcelona, _c1999 |
||
| 300 | _a221 p. | ||
| 440 |
_aMonografía. Psicología ; 4. _9145591 |
||
| 503 | _aej.1: consumo | ||
| 504 | _aIncluye bibliografía e índice | ||
| 650 |
_aConducta (Psicología) _926343 |
||
| 650 |
_aConducta animal _9134384 |
||
| 650 |
_aEtología _9145592 |
||
| 650 |
_aObservaciones _9145593 |
||
| 700 |
_aAnguera Arguilaga, M. Teresa, coord. _9145594 |
||
| 901 | _a591.51 O27 | ||
| 902 | _aM | ||
| 910 | _a1999 | ||
| 942 | _c1 | ||
| 942 | _cc1 | ||
| 999 |
_c169959 _d169959 |
||